[Event "Vienna op-B 14th"]
[Site "Vienna"]
[Date "2003.08.24"]
[Round "9"]
[White "Reimitzer, Wolfgang"]
[Black "Grosse, Manfred"]
[Result "1-0"]
[WhiteElo "1992"]
[BlackElo "1822"]
[PlyCount "93"]
[EventDate "2003.08.16"]
[EventType "swiss"]
[EventRounds "9"]
[EventCountry "AUT"]
[SourceTitle "CBM 095 Extra"]
[Source "ChessBase"]
[SourceDate "2003.09.04"]
[SourceVersion "1"]
[SourceVersionDate "2003.09.04"]
[SourceQuality "1"]

1. d4 Nf6 2. c4 c5 3. d5 b5 4. cxb5 a6 5. Nc3 d6 6. e4 g6 7. Nf3 Bg7 8. b6 0-0 9. a4 Qxb6 10. a5 Qb7 11. h3 Bd7 12. Ra3 Bb5 13. Bd3 Nfd7 14. 0-0 Ne5 15. Nxe5 Bxe5 16. Qb3 Qc8 17. Nxb5 axb5 18. Qxb5 Na6 19. Bd2 Nc7 20. Qc6 Bxb2 21. Ra2 Bd4 22. a6 Ne8 23. Rb1 Nf6 24. Rb7 c4 25. Rc7 cxd3 26. Rxc8 Rfxc8 27. Qa4 Bc3 28. Be3 d2 29. Bxd2 Bxd2 30. Rxd2 Rc7 31. Ra2 Rca7 32. Qc4 Nd7 33. f4 Nc5 34. e5 Rxa6 35. Rxa6 Rxa6 36. Qb5 Ra8 37. Qc6 Rd8 38. g4 Kf8 39. f5 Nd3 40. Qb6 Re8 41. exd6 exd6 42. Qxd6+ Kg8 43. f6 g5 44. Qe7 Ra8 45. d6 Nf4 46. d7 Ne6 47. Qe8+ 1-0

[Event "Vienna op-B 14th"]
[Site "Vienna"]
[Date "2003.08.19"]
[Round "4"]
[White "Reimitzer, Wolfgang"]
[Black "Giefing, Josef"]
[Result "1/2-1/2"]
[WhiteElo "1992"]
[BlackElo "1848"]
[PlyCount "34"]
[EventDate "2003.08.16"]
[EventType "swiss"]
[EventRounds "9"]
[EventCountry "AUT"]
[SourceTitle "CBM 095 Extra"]
[Source "ChessBase"]
[SourceDate "2003.09.04"]
[SourceVersion "1"]
[SourceVersionDate "2003.09.04"]
[SourceQuality "1"]

1. d4 Nf6 2. c4 g6 3. Nc3 Bg7 4. e4 d6 5. Nf3 0-0 6. Be2 Nbd7 7. 0-0 e5 8. d5 Nc5 9. Qc2 a5 10. Be3 Ne8 11. Ne1 f5 12. Bxc5 dxc5 13. exf5 gxf5 14. Nd3 b6 15. Rad1 Nd6 16. Nb1 Rf6 17. f4 e4 1/2-1/2

[Event "Ernst Stoeckl Memorial 1st"]
[Site "Vienna"]
[Date "2002.02.08"]
[Round "7.1"]
[White "Rott, Jakob"]
[Black "Reimitzer, Wolfgang"]
[Result "0-1"]
[WhiteElo "1874"]
[BlackElo "2023"]
[PlyCount "80"]
[EventDate "2002.02.02"]
[EventType "swiss"]
[EventRounds "9"]
[EventCountry "AUT"]
[SourceTitle "EXT 2003"]
[Source "ChessBase"]
[SourceDate "2002.11.25"]
[SourceVersion "1"]
[SourceVersionDate "2002.11.25"]
[SourceQuality "1"]

1. d4 d5 2. c4 c6 3. Nf3 Nf6 4. e3 e6 5. Bd3 Nbd7 6. 0-0 Bd6 7. Nbd2 0-0 8. e4 dxe4 9. Nxe4 Nxe4 10. Bxe4 h6 11. Re1 c5 12. b3 Nf6 13. Bc2 cxd4 14. Nxd4 Bb4 15. Re3 Bc5 16. Rd3 Qb6 17. Bxh6 Bxd4 18. Rxd4 gxh6 19. Rh4 Kg7 20. Rxh6 Kxh6 21. Qd2+ Kh5 22. Re1 Ng4 23. Bd1 f5 24. h3 Qc5 25. Qf4 Kg6 26. hxg4 fxg4 27. Bc2+ Kg7 28. Qxg4+ Kf7 29. Re3 Ke8 30. Bg6+ Kd8 31. Rd3+ Bd7 32. Qh4+ Kc8 33. Rd2 a5 34. Qh2 Bc6 35. Qh3 Kb8 36. Qxe6 Ka7 37. a4 Rad8 38. Rxd8 Qxf2+ 39. Kh2 Rxd8 40. Qh3 Rh8 0-1

[Event "Ernst Stoeckl Memorial 1st"]
[Site "Vienna"]
[Date "2002.02.05"]
[Round "4.1"]
[White "Horvath, Maria"]
[Black "Reimitzer, Wolfgang"]
[Result "1-0"]
[WhiteElo "1986"]
[BlackElo "2023"]
[PlyCount "85"]
[EventDate "2002.02.02"]
[EventType "swiss"]
[EventRounds "9"]
[EventCountry "AUT"]
[SourceTitle "EXT 2003"]
[Source "ChessBase"]
[SourceDate "2002.11.25"]
[SourceVersion "1"]
[SourceVersionDate "2002.11.25"]
[SourceQuality "1"]

1. d4 d5 2. c4 e6 3. Nc3 Nf6 4. cxd5 exd5 5. Bg5 Be7 6. e3 c6 7. Qc2 Nbd7 8. Bd3 0-0 9. Nf3 Re8 10. 0-0 Nf8 11. Rab1 a5 12. a3 Bd6 13. Rfc1 Bg4 14. Nd2 h6 15. Bh4 g5 16. Bg3 h5 17. Nf1 h4 18. Bxd6 Qxd6 19. b4 Bd7 20. bxa5 g4 21. Rxb7 Rxa5 22. Na4 g3 23. hxg3 hxg3 24. f3 Kg7 25. Nb6 Rxa3 26. Nxd7 N8xd7 27. Bf5 Rc8 28. Bxd7 Nxd7 29. Qf5 Rc7 30. Rxc7 Qxc7 31. Qxd5 cxd5 32. Rxc7 Nf6 33. Nxg3 Kg6 34. Nf1 Ra1 35. g4 Ra2 36. Ng3 Nh7 37. f4 Nf6 38. Rc6 Kg7 39. Nf5+ Kg6 40. Rd6 Rb2 41. Ne7+ Kg7 42. g5 Ne4 43. Nf5+ 1-0

[Event "Ernst Stoeckl Memorial 1st"]
[Site "Vienna"]
[Date "2002.02.04"]
[Round "3.1"]
[White "Reimitzer, Wolfgang"]
[Black "Wiedner, Robert"]
[Result "1/2-1/2"]
[WhiteElo "2023"]
[BlackElo "2185"]
[PlyCount "98"]
[EventDate "2002.02.02"]
[EventType "swiss"]
[EventRounds "9"]
[EventCountry "AUT"]
[SourceTitle "EXT 2003"]
[Source "ChessBase"]
[SourceDate "2002.11.25"]
[SourceVersion "1"]
[SourceVersionDate "2002.11.25"]
[SourceQuality "1"]

1. d4 c5 2. e3 d5 3. Nf3 Nf6 4. c4 cxd4 5. exd4 Nc6 6. Nc3 Bg4 7. Be3 e6 8. h3 Bh5 9. Be2 Rc8 10. Qb3 Bb4 11. 0-0 dxc4 12. Qxc4 0-0 13. Rac1 Qe7 14. a3 Bxc3 15. Qxc3 Nd5 16. Qd2 Rfd8 17. Ne5 Bxe2 18. Nxc6 Rxc6 19. Qxe2 Rdc8 20. Rxc6 Rxc6 21. Rc1 Qc7 22. Qd2 Rxc1+ 23. Qxc1 Qxc1+ 24. Bxc1 Kf8 25. Kf1 Ke7 26. Ke2 Kd6 27. Kd3 b5 28. Bd2 h5 29. f3 f5 30. Bg5 Nb6 31. b3 a6 32. Bf4+ Kd5 33. Be5 g6 34. Bc7 Nc8 35. Ke3 Ne7 36. Bd8 Nc6 37. Bf6 a5 38. a4 bxa4 39. bxa4 Kc4 40. Kf4 Nxd4 41. Kg5 Ne2 42. Be5 Kd5 43. Bc7 e5 44. Kxg6 Ke6 45. Bxa5 Nf4+ 46. Kg5 Nxg2 47. Kxh5 Nf4+ 48. Kh4 e4 49. Kg3 Nxh3 1/2-1/2

[Event "Ernst Stoeckl Memorial 1st"]
[Site "Vienna"]
[Date "2002.02.03"]
[Round "2"]
[White "Reimitzer, Wolfgang"]
[Black "Steiner, Johann"]
[Result "1/2-1/2"]
[WhiteElo "2023"]
[BlackElo "2007"]
[PlyCount "192"]
[EventDate "2002.02.02"]
[EventType "swiss"]
[EventRounds "9"]
[EventCountry "AUT"]
[SourceTitle "EXT 2003"]
[Source "ChessBase"]
[SourceDate "2002.11.25"]
[SourceVersion "1"]
[SourceVersionDate "2002.11.25"]
[SourceQuality "1"]

1. d4 Nf6 2. c4 g6 3. Nc3 Bg7 4. e4 d6 5. Nf3 0-0 6. Be2 c6 7. d5 e5 8. dxe6 Bxe6 9. 0-0 h6 10. Qc2 Qc7 11. h3 Nbd7 12. Bf4 Ne5 13. c5 Nfd7 14. cxd6 Qxd6 15. Qd2 Qxd2 16. Nxd2 Rad8 17. Be3 Nb6 18. Rfd1 Nd3 19. Bxd3 Rxd3 20. Nb3 Rxd1+ 21. Nxd1 Nc4 22. Bd4 Rd8 23. Bxg7 Kxg7 24. Nc5 Bc8 25. Rc1 Rd2 26. Nb3 Rd6 27. Kf1 Ne5 28. Ne3 b6 29. Rd1 Ba6+ 30. Kg1 Rxd1+ 31. Nxd1 Bd3 32. Nd2 Nc4 33. Nxc4 Bxc4 34. a3 Kf6 35. f4 Ke6 36. Kf2 a5 37. g4 g5 38. Ne3 Bd3 39. Kf3 b5 40. Nf5 Bf1 41. Nxh6 Bxh3 42. Nf5 gxf4 43. Kxf4 c5 44. Ne3 a4 45. Nd5 Bf1 46. g5 Bc4 47. Nc3 Bf1 48. Nd5 Bd3 49. Nc7+ Kd6 50. Nd5 Bc4 51. Nc3 Ke6 52. e5 Bd3 53. Ke3 Bc2 54. Nxb5 Kxe5 55. Kd2 Bb3 56. Ke3 Kf5 57. Nd6+ Kxg5 58. Ne4+ Kf5 59. Nxc5 Ke5 60. Nd7+ Kd6 61. Nf6 Ke6 62. Ne4 Kd5 63. Nf6+ Kc4 64. Nd7 Bc2 65. Ne5+ Kb3 66. Nxf7 Kxb2 67. Kd2 Bb3 68. Nd6 Kxa3 69. Nb5+ Kb2 70. Kd3 Bd1 71. Kd2 Bg4 72. Kd3 Be6 73. Kd2 Bc4 74. Nc3 a3 75. Nd1+ Kb3 76. Nc3 Bf1 77. Kc1 Bd3 78. Kd2 Bg6 79. Ne2 Bh5 80. Nc3 Bg4 81. Kc1 Bf5 82. Kd2 Bc2 83. Ne2 Kb2 84. Nc3 Bb3 85. Kd3 Kc1 86. Ne2+ Kb2 87. Nc3 Bc2+ 88. Kd2 Bb1 89. Nd1+ Kb3 90. Nc3 Bc2 91. Ne2 Kb2 92. Nc3 Bf5 93. Nd1+ Kb3 94. Nc3 Bg6 95. Ne2 Kb2 96. Nc3 Bc2 1/2-1/2